000 00621nam a2200181Ia 4500
005 20250508152206.0
008 008 250505s9999 xx 000 0 eng d
037 _aTextual
040 _aFEDL
_beng
_cFEDL
041 _aeng
_2eng
084 _a371, LON
_qFEDL
245 0 _aSupply and training of teachers for technical colleges : Report of a special committee appointed by the minister of education in september, 1956
245 0 _cMinistry of Education
260 _aLondon, UK
_bHer Majesty's Stationery Office
_c1957
300 _axiv,67p.
942 _cTEXL
_h371, LON
999 _c1334882
_d1334882